00274nam a2200133Ia 4500003000400000005001700004008004100021020000800062040001700070100001600087245002000103260000800123260000900131OSt20240312102115.0170523s9999 xx 000 0 und d anil ciimtu meerut aJONES- JAIN 0aWHATS IN A NAME bPHI c2003